Bank Islam : teori dan praktik

Bibliographic Details
Main Author: Muhammad Kamal Azhari
Format: Book
Published: Kuala Lumpur : Dewan Pustaka Fajar , 1993
Subjects:

MARC

LEADER 00000cam a2200000 7i4500
001 0000004521
002 000004876
005 20080514.0
020 |a T000000375 
090 0 0 |a 332.1   |b MUH 
100 0 |a Muhammad Kamal Azhari 
245 1 0 |a Bank Islam :   |b teori dan praktik   |c Muhammad Kamal Azahari 
260 |a Kuala Lumpur :   |b Dewan Pustaka Fajar ,   |c 1993 
300 |a 176p. ;   |c 22cm. 
650 0 0 |a Banking aspects   |x islam 
650 0 0 |a Banking law (Islamic law) 
650 0 0 |a Banks and banking   |x Religious aspects   |x Islam 
999 |a 034602   |b BUKU   |c PINJAMAN   |e PERPUSTAKAAN KOMUNITI PETALING JAYA 
999 |a 034603   |b BUKU   |c PINJAMAN   |e PERPUSTAKAAN KOMUNITI PETALING JAYA